Presidential Verbs Quiz Stats

 Plays Quiz Updated Mar 26, 2018

Challenge
Share
Tweet
Embed
Score 0/6 Timer 02:00
2 Plays Today
Definition Presidential Verb % Correct
To clean something with a vacuum cleanerHOOVER
84.9%
To cross a river or stream at a shallow placeFORD
83.9%
To surpass something by saying or doing something betterTRUMP
58.3%
To force a way through, or penetratePIERCE
53.4%
To agree or admit that something is trueGRANT
47.4%
To spread out into a thick clumpBUSH
43.3%

You're not logged in!

Compare scores with friends on all Sporcle quizzes.
OR
Log In

You Might Also Like...

Show Comments

Extras

Top Quizzes Today


Score Distribution

Your Account Isn't Verified!

In order to create a playlist on Sporcle, you need to verify the email address you used during registration. Go to your Sporcle Settings to finish the process.

Report this User

Report this user for behavior that violates our Community Guidelines.

Details: